| 000 | 00690nam a22001937a 4500 | ||
|---|---|---|---|
| 003 | BD-DhUL | ||
| 005 | 20170316113717.0 | ||
| 008 | 170316s1846 ua ||||| |||| 000 0 ara d | ||
| 040 |
_aBD-DhUL _cBD-DhUL |
||
| 082 |
_a039 _bYAM |
||
| 100 | 3 |
_aياقوت بن عبد الله الحموى۔ _eAuthor. |
|
| 245 | 0 |
_aالمشترك وضعاوالمفترق صقعا / _cياقوت بن عبد الله الحموى۔ |
|
| 246 | _aal-Ṁusḥtarik wa da'ā wa al- muftariq saq'ā. | ||
| 260 |
_aمصر : _bمكـتبة المثنى، _c۱۸۴۶۔ |
||
| 300 |
_aص۔ ۴۷۵ ، 45 ؛ _c۲۴ سم۔ |
||
| 365 |
_aBDT. _b0.00 |
||
| 650 | 0 | _aEncyclopedias and dictionaries. | |
| 942 |
_2ddc _cBK |
||
| 999 |
_c164564 _d164564 |
||